The economics of being a woman /

Bibliographic Details
Main Author: Ahern, Dee Dee
Other Authors: Bliss, Betsy, 1942-
Format: Book
Language:English
Published: New York : McGraw-Hill, [1977]
Edition:First McGraw-Hill Paperback edition.
Series:McGraw-Hill paperbacks
Subjects:

MARC

Tag First Indicator Second Indicator Subfields
LEADER 00000cam a2200000 i 4500
001 in00000013727
005 20151007052422.0
008 770628c19771976nyu b 00110 eng
010 |a  77024735  
020 |a 0070006504 :  |c $3.95 
035 |a (OCoLC)03186342 
035 |9 AAA7695AM 
040 |a DLC  |c DLC  |d TXA  |d UtOrBLW 
043 |a n-us--- 
049 |a TXAM  |c [A11040468] 
050 1 0 |a HQ1426  |b .A35 1977 
082 0 |a 332/.02/4 
100 1 |a Ahern, Dee Dee. 
245 1 4 |a The economics of being a woman /  |c Dee Dee Ahern, with Betsy Bliss. 
250 |a First McGraw-Hill Paperback edition. 
264 1 |a New York :  |b McGraw-Hill,  |c [1977] 
264 4 |c ©1976 
300 |a xii, 212 pages ;  |c 21 cm. 
336 |a text  |b txt  |2 rdacontent 
337 |a unmediated  |b n  |2 rdamedia 
338 |a volume  |b nc  |2 rdacarrier 
490 0 |a McGraw-Hill paperbacks 
500 |a Originally published by Macmillan, New York. 
504 |a Includes bibliographical references and index. 
650 0 |a Women  |z United States  |x Economic conditions. 
650 0 |a Finance, Personal. 
700 1 |a Bliss, Betsy,  |d 1942- 
999 |a MARS 
999 f f |s 1a306343-8576-3a9a-ae9e-b34a904d8b89  |i 9d485323-e9e1-35e4-bd77-e01a97973dd6  |t 0 
952 f f |p ric  |a Texas A&M University  |b Rellis Campus  |c Joint Library Facility  |d Remote Storage  |t 0  |e HQ1426 .A35 1977  |h Library of Congress classification  |i unmediated -- volume  |m A14811040468 
998 f f |a HQ1426 .A35 1977  |t 0  |l Remote Storage